| 000 | 00675cam a2200253 4500 | ||
|---|---|---|---|
| 001 | WB3723-20 | ||
| 008 | 000000n2001 000 0 eng u | ||
| 035 | _a(Sirsi) u113081 | ||
| 245 | _aFinancial Times Survey: Germany | ||
| 260 | _c2001 | ||
| 490 |
_aFinancial Times _v 12 June 2001, (10) LOAN |
||
| 520 | _aA survey of Germany covering subjects such as economy, politics, labour party and agriculture. | ||
| 590 | _aWB | ||
| 650 | _aGERMANY | ||
| 650 | _aAGRICULTURE | ||
| 650 | _aPOLITICS | ||
| 650 | _aLABOUR MARKET | ||
| 650 | _aECONOMY | ||
| 650 | _aBANKING | ||
| 650 | _aMEDIA | ||
| 650 | _aFINANCE | ||
| 690 | _aINTERNATIONAL-EUROPE | ||
| 942 | _n0 | ||
| 999 |
_c67319 _d67319 |
||